| 000 | 01859nam0a2200421 4500 | ||
|---|---|---|---|
| 001 | RU\NLR\bibl\811446 | ||
| 005 | 20260409070546.0 | ||
| 010 |
_a5-89357-179-7 _bСмысл |
||
| 010 |
_a5-469-00017-6 _bПитер |
||
| 021 |
_aRU _b2005-9666 _9503 |
||
| 035 | _a(NLR Aleph) 000800509 | ||
| 035 | _aRSL-KNO-002574231 | ||
| 090 |
_a1178239 _c1178239 |
||
| 100 | _a20050228d2005 u y0rusy50 ca | ||
| 101 | 0 | _arus | |
| 102 | _aRU | ||
| 105 | _aa ||||||||| | ||
| 106 | _ar | ||
| 200 | 1 |
_aГрамматика общения _fЮ. С. Крижанская, В. П. Третьяков |
|
| 205 | _a3-е изд. | ||
| 210 |
_aМ. _cСмысл _aСПб. _cПитер _d2005 _gГИПК Лениздат |
||
| 215 |
_a277, [2] с. _cил. _d20 |
||
| 320 | _aБиблиогр. в конце кн. (187 назв.) | ||
| 606 |
_aОбщение (психол.) _3RU\NLR\auth\66349730 _9943939 |
||
| 610 | 0 | _aПсихология -- Социальная психология -- Психологические проблемы социального общения, влияния и взаимовлияния людей | |
| 610 | 0 | _aСоциология -- Социальные подсистемы -- Социальная структура -- Личность и общество -- Социально-психологическое общение людей | |
| 686 |
_aЮ953,0 _2rubbk |
||
| 686 |
_aС555.353,0 _2rubbk |
||
| 686 | _aЮ935.108 | ||
| 700 | 1 |
_aКрижанская _bЮ. С. _gЮлия Сергеевна _4070 |
|
| 701 | 1 |
_4070 _8rus _7ca _aТретьяков _bВ. П. _f1958- _gВиталий Петрович _3RU\NLR\auth\7731268 _914278 |
|
| 801 | 0 |
_aRU _bRuMoRKP _c20050228 _grcr |
|
| 801 | 1 |
_aRU _bRuMoRGB _c20050228 |
|
| 801 | 2 |
_aRU _bNLR _c20050621 _gPSBO |
|
| 830 | _aАвт. по кн. | ||
| 942 | _cBOOK | ||
| 980 | _aNB | ||